00648nam a22001817a 450000500170000001000130001702000260003003500130005603700080006908200130007710000170009024501210010725000140022826000460024227001370028830000210042550000200044620140726134402.0 aB-538712 a9788175345584c195.00 aB-538712 bUBH a342.5408 aSingh, M. P. aOutlines of Indian legal & cinstitutional history:bncluding elements of Indian legal system/cby Mahendra P. Singh. a8th ed..- aNew DelhibUniversal Law Publishingc2014 aA-58, G.T. Karnal Road Industrial Area, (near Azad Pur Metro Station)bDelhie110033k011-47082254, 27458529, 27215334l011-27458529 a220pc24 cm(pbk) a Includes index